| Tag |
First Indicator |
Second Indicator |
Subfields |
| LEADER |
00000cam a22000008a 4500 |
| 001 |
in00001522621 |
| 005 |
20151021172255.0 |
| 008 |
000225s1999 nyu b 100 0 eng |
| 010 |
|
|
|a 98046166
|
| 020 |
|
|
|a 0823414450
|
| 035 |
|
|
|a (OCoLC)39981626
|
| 040 |
|
|
|a DLC
|c DLC
|d DPL
|d OCL
|d TXA
|d UtOrBLW
|
| 042 |
|
|
|a lcac
|
| 049 |
|
|
|a TXAM
|
| 050 |
0 |
0 |
|a PS3571.P4
|b C49 1999
|
| 082 |
0 |
0 |
|a 811/.54
|2 21
|
| 100 |
1 |
|
|a Updike, John.
|
| 245 |
1 |
2 |
|a A child's calendar /
|c by John Updike ; illustrated by Trina Schart Hyman.
|
| 263 |
|
|
|a 9909
|
| 264 |
|
1 |
|a New York :
|b Holiday House,
|c 1999.
|
| 300 |
|
|
|a 1 volume (unpaged) :
|b color illustrations ;
|c 25 cm.
|
| 336 |
|
|
|a text
|b txt
|2 rdacontent
|
| 337 |
|
|
|a unmediated
|b n
|2 rdamedia
|
| 338 |
|
|
|a volume
|b nc
|2 rdacarrier
|
| 520 |
|
|
|a A collection of twelve poems describing the activities in a child's life and the changes in the weather as the year moves from January to December.
|
| 586 |
|
|
|a Caldecott Honor Book, 2000
|
| 650 |
|
0 |
|a Months
|v Juvenile poetry.
|
| 650 |
|
0 |
|a Children's poetry, American.
|
| 650 |
|
1 |
|a Months
|x Poetry.
|
| 650 |
|
1 |
|a American poetry.
|
| 700 |
1 |
|
|a Hyman, Trina Schart,
|e illustrator.
|
| 994 |
|
|
|a E0
|b TXA
|
| 948 |
|
|
|a cataloged
|b h
|c 2000/2/25
|d c
|e pkellar
|f 2:15:43 pm
|
| 999 |
|
|
|a MARS
|
| 999 |
f |
f |
|s f9f41326-4556-3be7-a3ca-4c8e0c9a77d7
|i 1dbe5508-0d2c-384b-9661-494bba916ffa
|t 0
|
| 952 |
f |
f |
|p normal
|a Texas A&M University
|b College Station
|c Sterling C. Evans Library
|d Evans: Curriculum Collection (4th floor)
|t 0
|e PS3571.P4 C49 1999
|h Library of Congress classification
|i unmediated -- volume
|m A14825804939
|
| 998 |
f |
f |
|a PS3571.P4 C49 1999
|t 0
|l Evans: Curriculum Collection (4th floor)
|